00522nam a22001937a 4500003000500000005001700005008004100022010001000063011001000073035001000083040000900093100002200102245006000124260004200184300000800226650003700234650002600271650003100297CHAP20220329133744.0971013s1984 r 00010 d a10394 a11366 a10604 cCHAP00aBaeza, A. Raúl. aControl con antibiótico del mosaico dorado del frijol aMéxico, D. AF BDF. :bPFIZER,c1984 a6 p14aAntibioticosxEfecto en plantas.14aFrijolxEnfermedades.14aMosaico dorado del frijol.